[Event "Seville op 40th"]
[Site "Seville"]
[Date "2015.02.01"]
[Round "9"]
[White "Gavira Galocha, Antonio Jesus"]
[Black "Mendez Juanes, Javier"]
[Result "0-1"]
[WhiteElo "2014"]
[BlackElo "1929"]
[PlyCount "74"]
[EventDate "2015.01.25"]
[EventType "swiss"]
[EventRounds "9"]
[EventCountry "ESP"]
[SourceTitle "CBM 164 Extra"]
[Source "ChessBase"]
[SourceDate "2015.03.02"]
[SourceVersion "1"]
[SourceVersionDate "2015.03.02"]
[SourceQuality "1"]

1. d4 d5 2. f4 Nf6 3. Nf3 Nbd7 4. e3 e6 5. Bd3 c5 6. c3 Be7 7. Nbd2 b6 8. 0-0 0-0 9. Qe2 Bb7 10. Ne5 Ne4 11. Ndf3 f5 12. Bd2 a5 13. a4 Qc8 14. Rfc1 Nxe5 15. Nxe5 Bf6 16. b4 Bxe5 17. fxe5 Ba6 18. b5 Bb7 19. c4 Qc7 20. Be1 Rac8 21. Bc3 Qd8 22. Bxe4 dxe4 23. dxc5 Rxc5 24. Rd1 Qc8 25. Rd4 Rd8 26. Rad1 Rxd4 27. Bxd4 Rxc4 28. Bxb6 Bd5 29. Ra1 Rc2 30. Qd1 f4 31. exf4 e3 32. Bxe3 Rxg2+ 33. Kf1 Qc4+ 34. Ke1 Qe4 35. Qd4 Qf3 36. Bf2 Rxf2 37. Qxf2 Qc3+ 0-1